000 00570nam a2200205Ia 4500
005 20250923145404.0
008 008 250917s9999 xx 000 0 eng d
037 _aTextual
040 _aDSWL
_beng
_cDSWL
041 _aeng
_2eng
084 _aY:7:70aXx2, N6
_qDSWL
245 0 _aSocial and economic change
_cEd. by Baljit Singh
260 _a Bombay
_bAllied Pub. Pvt. Ltd.
_c1967
300 _a xx, 463p.
365 _aINR
_b35
700 _aV.B. Singh
_9834784
925 _g35
942 _cTEXL
_hY:7:70aXx2, N6
999 _c1450775
_d1450775